00638nam a2200181Ia 4500003000900000008004100009040001600050080001800066100002400084245009000108260003800198300001400236650004100250650002100291942000700312999001500319952012200334IN-BaIIA211028s9999 xx 000 0 eng d cIIA Library a058(540)bMAT aMathew, K M.911209 0aManorama year book 1990cK. M. Mathew  aKottayambMalayala Manoramac1980 aix, 960p. aAstronomy and Astrophysics Thesaurus aYear book911210 cBK c6544d6544 00104070aBANbBANcGENd1980-08-11g110.00l0o058(540)/ MATp7279r2021-11-05v110.00w1980-08-11yBKGRs. 110.00